Random History General Knowledge - Statistics

General Stats
  • This quiz has been taken 280 times
  • The average score is 4 of 15
Answer Stats
Question Answer % Correct
What was the name of the Aircraft that dropped the first atomic bomb on Hiroshima? Enola Gay
62%
In general acceptance, how many Christian crusades were carried out to reclaim lands in the middle east during the middle ages? 9
56%
The spiritual Viking settlement of Uppakra is located in which modern day country? Sweden
55%
During which month did the Communist Revolution in Russia begin in 1917? March
49%
The Viking man Erik, supposed to have founded the first settlement on Greenland, had a famous nickname, what was it? Red
49%
On what day was Charlemagne crowned Holy Roman Emperor in the year 800 AD? 25th December
35%
The Satanic Verses, written in 1988, was the subject of major controversy. Who was its author? Salman Rushdie
31%
What was the name of the network of trails connecting North and South Vietnam, featuring heavy bombardment during the Vietnam War? Ho Chi Minh
26%
Hitler's planned invasion of the United Kingdom was titled what? Operation Sealion
26%
Where did the false attack on American ships on August 2nd 1964 which sparked the Vietnam War take place? Gulf of Tonkin
21%
During which war was the Battle of Lexington? American Revolutionary War
10%
The cry of the people at the call of the first crusade was the Latin phrase 'Deus Vult', what did this mean? God wills it
10%
Over which city was the famous 'battle' suspected to feature a UFO during February 1942? Los Angeles
8%
Which Roman Emperor was killed in the battle of Adrianople in 378 AD? Valens
3%
Who was the first Bishop of Iceland? Isleifr Gizurarson
0%
No matching quizzes found
Score Distribution
Percent of People with Each Score
Percentile by Number Answered
Your Score History
You have not taken this quiz